PRODUCTION ENGINEERING FOR HIGHER NATIONAL CERTIFICATE (Record no. 569255)

000 -LEADER
fixed length control field 00263nam a22001097a 4500
082 ## - DEWEY DECIMAL CLASSIFICATION NUMBER
Classification number 621.902 DEN'P
100 ## - MAIN ENTRY--PERSONAL NAME
Personal name DENT, P
9 (RLIN) 59226
245 ## - TITLE STATEMENT
Title PRODUCTION ENGINEERING FOR HIGHER NATIONAL CERTIFICATE
260 ## - PUBLICATION, DISTRIBUTION, ETC.
Place of publication, distribution, etc. LONDON
Name of publisher, distributor, etc. EUP
Date of publication, distribution, etc. 1958
300 ## - PHYSICAL DESCRIPTION
Extent 227P
942 ## - ADDED ENTRY ELEMENTS (KOHA)
Koha item type Book
Holdings
Withdrawn status Lost status Damaged status Not for loan Permanent Location Current Location Shelving location Date acquired Total Checkouts Full call number Barcode Date last seen Price effective from Koha item type
        College of Electrical & Mechanical Engineering (CEME) College of Electrical & Mechanical Engineering (CEME) General Stacks 07/18/2017   621.902 DEN'P CEME-2163 06/28/2021 06/28/2021 Book
        College of Electrical & Mechanical Engineering (CEME) College of Electrical & Mechanical Engineering (CEME) General Stacks 07/18/2017   621.902 DEN'P CEME-2164 06/28/2021 06/28/2021 Book
© 2023 Central Library, National University of Sciences and Technology. All Rights Reserved.